|
Lyric |
and | | 92.8% | and | | 92.8% | and | | 92.8% | gone, | | 92.6% | gone, | | 92.6% | gone, | | 92.6% | gone, | | 92.6% | gone, | | 92.6% | gone, | | 92.6% | gone, | | 92.6% | gone, | | 92.6% | gone, | | 92.6% | gone, | | 92.6% | gone, | | 92.6% | gone, | | 92.6% | it's | | 92.4% | it's | | 92.4% | it's | | 92.4% | it's | | 92.4% | when | | 91.9% | when | | 91.9% | to | | 91.4% | to | | 91.4% | to | | 91.4% | in | | 90.9% | in | | 90.9% | baby, | | 90.2% | baby | | 90.2% | baby, | | 90.2% | Baby, | | 90.2% | baby, | | 90.2% | Baby, | | 90.2% | (baby) | | 90.2% | baby, | | 90.2% | (baby) | | 90.2% | (baby) | | 90.2% | (baby) | | 90.2% | eyes | | 90.1% | eyes | | 90.1% | now | | 89.6% | Now | | 89.6% | now | | 89.6% | never | | 89.5% | close | | 88.8% | kiss | | 88.8% | lips, | | 88.6% | there's | | 85.3% | there's | | 85.3% | anymore | | 84.9% | do. | | 84.7% | do, | | 84.7% | on | | 84.6% | love | | 84.6% | love, | | 84.6% | love, | | 84.6% | love | | 84.6% | love, | | 84.6% | (love) | | 84.6% | love, | | 84.6% | (love) | | 84.6% | on | | 84.6% | (on) | | 84.6% | on | | 84.6% | on, | | 84.6% | (on) | | 84.6% | but | | 83.6% | know | | 82.6% | like | | 82.5% | like | | 82.5% | like | | 82.5% | tenderness | | 81.2% | not | | 80.8% | me | | 80.1% | me | | 80.1% | so | | 78.7% | so | | 78.7% | (so) | | 78.7% | So | | 78.7% | (so) | | 78.7% | fingertips. | | 78.7% | You're | | 78.7% | you're | | 78.7% | We | | 78% | for | | 77.8% |
|
|
Comments